Die Darstellungen des regierenden Koenigs und seiner Familienangehoerigen in den Privatgraebern der 18. Dynastie
| Main Author: | |
|---|---|
| Contributors: | |
| Format: | Print Book |
| Language: | German |
| Subito Delivery Service: | Order now. |
| Check availability: | HBZ Gateway |
| WorldCat: | WorldCat |
| Interlibrary Loan: | Interlibrary Loan for the Fachinformationsdienste (Specialized Information Services in Germany) |
| Published: |
Berlin
Hessling
1969
|
| In: |
Münchner ägyptologische Studien (21)
Year: 1969 |
| Series/Journal: | Münchner ägyptologische Studien
21 |
| Standardized Subjects / Keyword chains: | B
Egypt (Antiquity)
/ Art
|
| RelBib Classification: | TC Pre-Christian history ; Ancient Near East |
| Further subjects: | B
King
B Egypt History To 332 B.C B Grave B Thesis |
MARC
| LEADER | 00000cam a2200000 c 4500 | ||
|---|---|---|---|
| 001 | 1078211302 | ||
| 003 | DE-627 | ||
| 005 | 20250422204509.0 | ||
| 007 | tu | ||
| 008 | 850101s1969 gw ||||| m 00| ||ger c | ||
| 016 | 7 | |a 457873590 |2 DE-101 | |
| 020 | |c : 32.50 (kart.) | ||
| 035 | |a (DE-627)1078211302 | ||
| 035 | |a (DE-576)008211302 | ||
| 035 | |a (DE-599)BSZ008211302 | ||
| 035 | |a (OCoLC)695401470 | ||
| 035 | |a (OCoLC)310687589 | ||
| 040 | |a DE-627 |b ger |c DE-627 |e rakwb | ||
| 041 | |a ger | ||
| 044 | |c XA-DE | ||
| 050 | 0 | |a DT87 | |
| 084 | |a 12a |2 sdnb | ||
| 084 | |a 6,21 |2 ssgn | ||
| 084 | |a 1 |2 ssgn | ||
| 084 | |a LE 5540 |2 rvk |0 (DE-625)rvk/91069: | ||
| 084 | |a LE 5147 |2 rvk |0 (DE-625)rvk/90967: | ||
| 084 | |a 15.16 |2 bkl | ||
| 084 | |a 15.26 |2 bkl | ||
| 100 | 1 | |0 (DE-588)110424441 |0 (DE-627)523317492 |0 (DE-576)26131646X |4 aut |a Riḍwān, ʿAlī |d 1941- | |
| 109 | |a Riḍwān, ʿAlī 1941- |a Radwan, Ali 1941- |a Radwan, Ali Mahmoud Moussa 1941- |a Radwan, Ali M. 1941- | ||
| 245 | 1 | 4 | |a Die Darstellungen des regierenden Koenigs und seiner Familienangehoerigen in den Privatgraebern der 18. Dynastie |c Ali Radwan |
| 264 | 1 | |a Berlin |b Hessling |c 1969 | |
| 300 | |a 128 S. |b 24 Abb. | ||
| 336 | |a Text |b txt |2 rdacontent | ||
| 337 | |a ohne Hilfsmittel zu benutzen |b n |2 rdamedia | ||
| 338 | |a Band |b nc |2 rdacarrier | ||
| 490 | 1 | |a Münchner ägyptologische Studien |v 21 | |
| 502 | |a Zugl.: Muenchen, Diss., 1968 | ||
| 583 | 1 | |a Archivierung/Langzeitarchivierung gewährleistet |f SSG |x XA-DE-BW |2 pdager |5 DE-21 | |
| 583 | 1 | |a Archivierung/Langzeitarchivierung gewährleistet |f SSG |x XA-DE-BW |2 pdager |5 DE-16 | |
| 583 | 1 | |a Archivierung prüfen |c 20240324 |f DE-4165 |z 1 |2 pdager | |
| 601 | |a Darstellung | ||
| 601 | |a Dynastie | ||
| 650 | 0 | 7 | |0 (DE-588)4021716-4 |0 (DE-627)106312588 |0 (DE-576)208939539 |a Grab |2 gnd |
| 650 | 0 | 7 | |0 (DE-588)4031516-2 |0 (DE-627)106265229 |0 (DE-576)20899291X |a König |2 gnd |
| 651 | 0 | |a Egypt |x History |y To 332 B.C | |
| 652 | |a TC | ||
| 655 | 7 | |a Hochschulschrift |0 (DE-588)4113937-9 |0 (DE-627)105825778 |0 (DE-576)209480580 |2 gnd-content | |
| 689 | 0 | 0 | |d g |0 (DE-588)4068430-1 |0 (DE-627)106105639 |0 (DE-576)209173815 |2 gnd |a Ägypten |g Altertum |
| 689 | 0 | 1 | |d s |0 (DE-588)4114333-4 |0 (DE-627)105822957 |0 (DE-576)209483733 |2 gnd |a Kunst |
| 689 | 0 | |5 (DE-627) | |
| 700 | 1 | |0 (DE-588)102795363 |0 (DE-627)1700793950 |0 (DE-576)50330347X |4 oth |a Raḍwān, Raḍwān Muḥammad | |
| 751 | |a München |0 (DE-588)4127793-4 |0 (DE-627)105722073 |0 (DE-576)209596570 |4 uvp | ||
| 830 | 0 | |a Münchner ägyptologische Studien |v 21 |9 21 |w (DE-627)130090417 |w (DE-576)00204434X |w (DE-600)500317-9 |7 am | |
| 889 | |w (DE-627)221453865 | ||
| 889 | |w (DE-627)1918355568 | ||
| 935 | |a BIIN | ||
| 935 | |i mdedup | ||
| 936 | r | v | |a LE 5540 |b Königtum |k Klassische Archäologie |k Nachbarwissenschaften |k Ägypten und Orient |k Archäologie und Geschichte Ägyptens |k Staat und Gesellschaft |k Königtum |0 (DE-627)1274766737 |0 (DE-625)rvk/91069: |0 (DE-576)204766737 |
| 936 | r | v | |a LE 5147 |b Relief, Malerei |k Klassische Archäologie |k Nachbarwissenschaften |k Ägypten und Orient |k Archäologie und Geschichte Ägyptens |k Kunst |k Kunst des Neuen Reiches |k Relief, Malerei |0 (DE-627)1274765951 |0 (DE-625)rvk/90967: |0 (DE-576)204765951 |
| 936 | b | k | |a 15.16 |j Altorientalische Archäologie |j christliche Archäologie |0 (DE-627)106419765 |
| 936 | b | k | |a 15.26 |j Alter Orient |j Nordafrika |x Alte Geschichte |0 (DE-627)181571021 |
| 951 | |a BO | ||
| BIB | |a 1 | ||
| ELC | |b 1 | ||
| ITA | |a 1 |t 1 | ||
| LOK | |0 000 xxxxxcx a22 zn 4500 | ||
| LOK | |0 001 2064520384 | ||
| LOK | |0 003 DE-627 | ||
| LOK | |0 004 1078211302 | ||
| LOK | |0 005 20010115000000 | ||
| LOK | |0 008 010115||||||||||||||||ger||||||| | ||
| LOK | |0 040 |a DE-21 |c DE-627 |d DE-21 | ||
| LOK | |0 852 |a DE-21 | ||
| LOK | |0 852 1 |c 10 B 646 |9 00 | ||
| LOK | |0 935 |a konv | ||
| LOK | |0 939 |a 15-01-01 |b l01 | ||
| LOK | |0 000 xxxxxcx a22 zn 4500 | ||
| LOK | |0 001 2512974448 | ||
| LOK | |0 003 DE-627 | ||
| LOK | |0 004 1078211302 | ||
| LOK | |0 005 20100325170946 | ||
| LOK | |0 008 060727||||||||||||||||ger||||||| | ||
| LOK | |0 040 |a DE-21-11 |c DE-627 |d DE-21-11 | ||
| LOK | |0 541 |e Y3994 | ||
| LOK | |0 852 |a DE-21-11 | ||
| LOK | |0 852 1 |c ÄGY R MÄS 21 |m p |9 00 | ||
| LOK | |0 935 |a aegy |a k011 |a i011 |a kneu | ||
| LOK | |0 938 |k p | ||
| LOK | |0 939 |a 27-07-06 |b l01 | ||
| LOK | |0 000 xxxxxcx a22 zn 4500 | ||
| LOK | |0 001 3060311641 | ||
| LOK | |0 003 DE-627 | ||
| LOK | |0 004 1078211302 | ||
| LOK | |0 005 20190311232941 | ||
| LOK | |0 008 190311||||||||||||||||ger||||||| | ||
| LOK | |0 035 |a (DE-Tue135-1)24486 | ||
| LOK | |0 040 |a DE-Tue135-1 |c DE-627 |d DE-Tue135-1 | ||
| LOK | |0 852 |a DE-Tue135-1 | ||
| LOK | |0 852 1 |c AT06748 |m p |9 00 | ||
| LOK | |0 852 2 |b J 2 |9 00 | ||
| LOK | |0 935 |a iMON | ||
| LOK | |0 936ln |0 1442053569 |a TC | ||
| LOK | |0 938 |k p | ||
| LOK | |0 939 |a 11-03-19 |b l12 | ||
| ORI | |a SA-MARC-ixtheoa001.raw | ||
| REL | |a 1 | ||
| STA | 0 | 0 | |a Art,Art,Visual art,Grave,Sepulchre,King,King,Monarchy,Kings and rulers in art |
| STB | 0 | 0 | |a Art,Art,Roi,Roi,Tombe,Tombeau,Tombeau |
| STC | 0 | 0 | |a Arte,Arte,Rey,Rey,Reyes y soberanos,Reyes y soberanos,Tumba,Sepulcro,Sepulcro |
| STD | 0 | 0 | |a Arte,Arte,Re,Re,Tomba,Sepolcro,Sepolcro |
| STE | 0 | 0 | |a 坟墓,墓穴,王,君王,国王,艺术 |
| STF | 0 | 0 | |a 墳墓,墓穴,王,君王,國王,藝術 |
| STG | 0 | 0 | |a Arte,Arte,Rei,Rei,Túmulo,Sepultura,Sepultura |
| STH | 0 | 0 | |a Искусство (мотив),Искусство,Король (мотив),Король,Могила |
| STI | 0 | 0 | |a Βασιλιάς (μοτίβο),Βασιλιάς,Τάφος,Μνήμα,Τέχνη (μοτίβο),Τέχνη |
| SUB | |a BIB |a REL | ||
| SYE | 0 | 0 | |a Begräbnisstätte,Begräbnisplatz,Grabstätte,Grablege,Gräber , Königtum,Krone |
| SYG | 0 | 0 | |a Ägypten,Ägypten , Aegyptus,Miṣr,Egypt,Chibet,Ghubt,Ghibt,Arabische Republik Ägypten,Dschumhūriyyat Misr al-ʿArabiyya,Ǧumhūriyyat Misr al-ʿArabiyya,República Árabe de Egipto,Ŷumhūriyyat Miṣr Al-ʿArabiyyah,Arab Republic of Egypt,Ǧumhūriyyat Miṣr al-ʿArabiyyah,Arabiese Republiek Egipte,République arabe d'Égypte,Jumhuriyyat Miṣr al-ʿArabiyyah,Repubblica Araba d'Egitto,Egyiptomi Arab Köztársaság,Mısır Arap Cumhuriyeti,Ǧumhūrīyat Miṣr al-ʿArabīya,ARE,Egypte,al- Mamlaka al-Miṣrīya,ad- Daula al-Miṣrīya,Mısır,Egapt,République d'Egypte,Republic of Egypt,Egitto,Kingdom of Egypt,Republica Arabe de Egipto,Maṣr , Bildende Kunst,Kunstdenkmal |



